00387pab a2200133 454500008004000000100002100040245008800061260000900149300001300158362001100171650002000182700001700202773003400219180718b2014 xxu||||| |||| 00| 0 eng d aKrishnaswamy, R. aRBI balance sheet in recent years: A prisoner of a distorted monetary policy stance c2014 ap.87-89. a18 Oct aMonetary policy aShetty, S.L. aEconomic and Political Weekly